[Event "PRO League Group Stage"]
[Site "chess.com INT"]
[Date "2020.02.17"]
[Round "7"]
[White "Supi, Luis Paulo"]
[Black "Dominguez Perez, Leinier"]
[Result "0-1"]
[WhiteTitle "GM"]
[BlackTitle "GM"]
[WhiteElo "2577"]
[BlackElo "2758"]
[WhiteTeam "Brazil Capybaras"]
[BlackTeam "Saint Louis Arch Bishops"]
[WhiteFideId "2106388"]
[BlackFideId "3503240"]
[EventDate "2020.01.06"]

1. e4 c5 2. Nf3 d6 3. d4 cxd4 4. Nxd4 Nf6 5. Nc3 a6 6. h4 e5 7. Nb3 Be7 8. Bg5
Be6 9. Qd3 Nbd7 10. O-O-O Rc8 11. g3 b5 12. Kb1 O-O 13. Bh3 b4 14. Nd5 Nxd5 15.
Bxe6 fxe6 16. exd5 Rxf2 17. Rc1 exd5 18. Qxd5+ Kh8 19. Qb7 Nf6 20. Qxb4 Qc7 21.
Qa4 Qc4 22. Qa5 Rxc2 23. Ka1 Qb5 24. Rxc2 Rxc2 25. Qe1 Qe2 26. Qb1 h6 27. Re1
Qc4 28. Qd1 Rh2 29. Bc1 Qd5 30. Bd2 Qd3 31. Qc1 Kh7 32. Rg1 Ne4 33. Be1 Qc2 34.
Qxc2 Rxc2 35. Kb1 Re2 36. Nc1 Rh2 37. Nd3 Bf6 38. b4 d5 39. g4 g5 40. hxg5 hxg5
41. a4 Kg6 42. b5 axb5 43. axb5 Rh8 44. Ba5 Rb8 45. b6 Nd6 46. Nc5 Nc4 47. Nd7
Rb7 48. Nc5 Nxa5 49. Nxb7 Nxb7 50. Ka2 Bd8 51. Rc1 d4 52. Rc8 d3 53. Kb1 e4 54.
Kc1 e3 55. Rb8 e2 56. Kd2 Bxb6 57. Rxb7 Ba5+ 58. Kxd3 e1=Q 0-1

[Event "PRO League Group Stage"]
[Site "chess.com INT"]
[Date "2020.02.17"]
[Round "7"]
[White "Xiong, Jeffery"]
[Black "Diamant, Andre"]
[Result "1-0"]
[WhiteTitle "GM"]
[BlackTitle "GM"]
[WhiteElo "2712"]
[BlackElo "2547"]
[WhiteTeam "Saint Louis Arch Bishops"]
[BlackTeam "Brazil Capybaras"]
[WhiteFideId "2047640"]
[BlackFideId "2108356"]
[EventDate "2020.01.06"]

1. d4 Nf6 2. c4 g6 3. g3 Bg7 4. Bg2 O-O 5. Nc3 d6 6. Nf3 Nc6 7. O-O e5 8. dxe5
Nxe5 9. b3 Nxf3+ 10. Bxf3 Re8 11. Bb2 c6 12. Qd2 Bg4 13. Rad1 Bxf3 14. exf3 d5
15. cxd5 Nxd5 16. Nxd5 Qxd5 17. Qxd5 cxd5 18. Bxg7 Kxg7 19. Rxd5 Rad8 20. Rfd1
Rxd5 21. Rxd5 Re2 22. a4 Rb2 23. Rd3 g5 24. Kg2 Kg6 25. h3 f6 26. f4 gxf4 27.
gxf4 h5 28. Kf3 h4 29. Rc3 b6 30. Rd3 a6 31. Ke3 Kf5 32. Kf3 Kg6 33. Kg4 Rxf2
34. Rd6 b5 35. Rxa6 Rb2 36. f5+ Kg7 37. Kh5 Rxb3 38. Ra7+ Kf8 39. axb5 Rxb5 40.
Kg6 Rb3 41. Kxf6 Kg8 42. Rg7+ Kh8 43. Rg4 Rxh3 44. Kf7 Kh7 45. f6 Rh1 46. Kf8 h3
47. f7 Kh6 48. Kg8 Kh5 49. Rf4 Rg1+ 50. Kh7 h2 51. f8=Q h1=Q 52. Qf5+ Rg5 53.
Qf7+ 1-0